Sports Quiz

Random Sports or Cricket Quiz
Score 0/12 Timer 10:00
0 Plays Today
Nationality Batsman % Correct
AustralianAaron Finch
90%
New ZealanderBrendon McCullum
76.7%
West IndianChris Gayle
76.7%
New ZealanderBrendon McCullum
76.7%
EnglishAlex Hales
66.7%
New ZealanderMartin Guptill
56.7%
Sri LankanMahela Jayawardene
56.7%
IndianSuresh Raina
46.7%
South AfricanRichard Levi
40%
EnglishLuke Wright
36.7%
Sri LankanTillakaratne Dilshan
26.7%
ScottishRichie Berrington
13.3%
Remove Ads.
Support Sporcle.
Get the best of Sporcle when you Go Orange. This ad-free experience offers more features, more stats, and more fun while also helping to support Sporcle. Thank you for becoming a member.

You're not logged in!

Compare scores with friends on all Sporcle quizzes.
OR
Log In

Show Comments

Extras

Top Quizzes Today


Score Distribution

Your Account Isn't Verified!

In order to create a playlist on Sporcle, you need to verify the email address you used during registration. Go to your Sporcle Settings to finish the process.

Report this User

Report this user for behavior that violates our Community Guidelines.

Details: